Working for man : (Record no. 9536)
[ view plain ]
| 000 -LEADER | |
|---|---|
| fixed length control field | 00980nam a22002297a 4500 |
| 001 - CONTROL NUMBER | |
| control field | 9536 |
| 003 - CONTROL NUMBER IDENTIFIER | |
| control field | FISKH |
| 005 - DATE AND TIME OF LATEST TRANSACTION | |
| control field | 20260120110550.0 |
| 008 - FIXED-LENGTH DATA ELEMENTS--GENERAL INFORMATION | |
| fixed length control field | 260120b cb ||||| |||| 00| 0 eng d |
| 020 ## - INTERNATIONAL STANDARD BOOK NUMBER | |
| International Standard Book Number | 072265457X |
| 040 ## - CATALOGING SOURCE | |
| Original cataloging agency | FISKH |
| Language of cataloging | eng |
| Transcribing agency | FISKH |
| Modifying agency | FISKH |
| 082 ## - DEWEY DECIMAL CLASSIFICATION NUMBER | |
| Classification number | 636.009 |
| 100 ## - MAIN ENTRY--PERSONAL NAME | |
| Personal name | Hyams , Edwards |
| 245 ## - TITLE STATEMENT | |
| Title | Working for man : |
| Remainder of title | The demestication of animals / |
| Statement of responsibility, etc. | By Edward Hyams : Illustrated by Peter Gregory |
| 250 ## - EDITION STATEMENT | |
| Edition statement | First published 1975 |
| 260 ## - PUBLICATION, DISTRIBUTION, ETC. | |
| Place of publication, distribution, etc. | London : |
| Name of publisher, distributor, etc. | Kestrel Books , |
| Date of publication, distribution, etc. | 1975 . |
| 300 ## - PHYSICAL DESCRIPTION | |
| Extent | 95 pages : |
| Other physical details | Illustrations ; |
| Dimensions | 24 cm . |
| 520 ## - SUMMARY, ETC. | |
| Summary, etc. | Working for Man: The Domestication of Animals explains how humans domesticated animals over thousands of years and how this changed human life. The book shows how animals were used for food, farming, transport, and labor, and how this partnership helped humans develop agriculture, settlements, and civilizations. |
| 700 ## - ADDED ENTRY--PERSONAL NAME | |
| Personal name | Gregory , Peter |
| Relator term | Illustrator |
| 942 ## - ADDED ENTRY ELEMENTS (KOHA) | |
| Source of classification or shelving scheme | Dewey Decimal Classification |
| Koha item type | Books |
| Suppress in OPAC | No |
| Withdrawn status | Lost status | Source of classification or shelving scheme | Damaged status | Not for loan | Collection | Home library | Current library | Shelving location | Date acquired | Total Checkouts | Full call number | Barcode | Date last seen | Price effective from | Koha item type |
|---|---|---|---|---|---|---|---|---|---|---|---|---|---|---|---|
| Dewey Decimal Classification | Non-Fiction | Footprints International School Library Network Toul Tom Poung Campus | Footprints International School Library Network Toul Tom Poung Campus | TTP Secondary Non-Fiction Bookshelves | 01/20/2026 | HYA 636.009 | FIS01355 | 01/20/2026 | 01/20/2026 | Books |
